Normal view
MARC view
- PG Wing - SCEE
Entry Topical Term
001 - CONTROL NUMBER
- control field: 55268
003 - CONTROL NUMBER IDENTIFIER
- control field: NUST
005 - DATE AND TIME OF LATEST TRANSACTION
- control field: 20210527115633.0
008 - FIXED-LENGTH DATA ELEMENTS
- fixed length control field: 210527|| aca||aabn | a|a d
040 ## - CATALOGING SOURCE
- Original cataloging agency: NUST
- Transcribing agency: NUST
150 ## - HEADING--TOPICAL TERM
- Topical term or geographic name entry element: PG Wing - SCEE
670 ## - SOURCE DATA FOUND
- Source citation: Work cat.: (NUST)566087: Akhtar Hameed Khan 46260, Orangi Pilot Project, 2005
